000 00994am a2200349a 44500
003 AR-BaBNM
005 20251128211053.0
008 022020s1977 #AR|||||||||||000 | esp||
020 _a84-355-0404-2
040 _cAR-BaBNM
100 1 _aGarcía Hoz, Víctor
245 1 0 _aEducación personalizada
250 _a3ª ed.
260 _aValladolid
_bMiñón
_c1977
300 _a327 p.
500 _aContiene índice alfabético de materias
504 _aContiene bibliografía en notas a pie de página
650 4 _aENSEÑANZA INDIVIDUALIZADA
650 4 _aFINALIDADES DE LA EDUCACION
650 4 _aPROYECTOS
650 4 _aPLAN DE ESTUDIOS
650 4 _aPAPEL DE LA ESCUELA
650 4 _aRELACION ALUMNO-DOCENTE
650 4 _aPROCESO DE APRENDIZAJE
650 4 _aORGANIZACION ESCOLAR
653 _aMODELOS EDUCATIVOS
653 _aINSTITUCIONES EDUCATIVAS
653 _aPLANEAMIENTO EDUCATIVO
653 _aEVALUACION EDUCATIVA
942 _cBK
998 _craquel
999 _c18098
_d18098